00629cam a22002171 4500001001300000003000400013005001700017008004100034010001700075035002000092040001900112042001200131050001500143060001800158110006300176245009100239260002200330300001000352700003200362999001700394med47001738 DLC20260227111603.0820821s1947 xx 000 0 eng  amed47001738  a(OCoLC)14683122 aDLCcDNLMdDLC apremarc00aRA969b.H60 aW6bP3 v.57552 aHospital Bureau of Standards and Supplies, inc., New York.14aThe problem of odors in institutions,cby Dewey H. Palmer ... Research department ... aNew York,cc1947. a11 p.1 aPalmer, Dewey Homer,d1898- c38389d38389